000 00416nam a2200181Ia 4500
001 13933
005 20260306164837.0
008 260306t1992||||xx |||||||||||||| ||spa||
041 _aESP
082 _a005.73
_bL66
100 _aLipschutz, Seymour
_eAUT
245 0 _aEstructura de datos
260 _c1992
300 _a390 páginas :
_c23 cm.
650 _aGEN
654 _aCCC
942 _cLIB
_dJUS
_fJUS
_2ddc
_n
999 _c13933
_d13933